DISEÑO Y PLANIFICACIÓN DE EDIFICIO ESCOLAR DE DOS NIVELES, PARA EL INSTITUTO NACIONAL DE EDUCACIÓN BÁSICA Y DIVERSIFICADA CHOVAL, MICRO-REGIÓN IX, COBÁN, A.V. Y DISEÑO Y PLANIFICACIÓN DE CAMINO RURAL DE LA COMUNIDAD DE CHOVAL O.W. Y CHOVAL H.W., MICRO-REGIÓN IX COBÁN, ALTA VERAPAZ./ (Registro nro. 2114)

Detalles MARC
000 -LEADER
campo de control de longitud fija 03477nam a22003377a 4500
001 - NÚMERO DE CONTROL
campo de control TIC 0009
003 - IDENTIFICADOR DE NÚMERO DE CONTROL
campo de control gtcocun
005 - FECHA Y HORA DE LA ÚLTIMA TRANSACCIÓN
campo de control 20250924163251.0
006 - CÓDIGOS DE INFORMACIÓN DE LONGITUD FIJA--CARACTERÍSTICAS DEL MATERIAL ADICIONAL
campo de control de longitud fija a||||gr|||| 00| 0
007 - CAMPO FIJO DE DESCRIPCIÓN FÍSICA--INFORMACIÓN GENERAL
campo de control de longitud fija ta
008 - DATOS DE LONGITUD FIJA--INFORMACIÓN GENERAL
campo de control de longitud fija 250924b2020 gt ||||| m||| 00| 0 eng d
040 ## - FUENTE DE CATALOGACIÓN
Centro catalogador/agencia de origen gtcocun
Lengua de catalogación SPA
Centro/agencia transcriptor gtcocun
Normas de descripción RDA
041 ## - CÓDIGO DE IDIOMA
Código de lengua del texto/banda sonora o título independiente SPA TIC 0009
084 ## - OTRO NÚMERO DE CLASIFICACIÓN
Número de control del registro de autoridad o número normalizado TIC 0009
100 ## - ENTRADA PRINCIPAL--NOMBRE DE PERSONA
Nombre de persona Ponce Leal, Héctor Smailyn
Término indicativo de función/relación Autor
245 ## - MENCIÓN DEL TÍTULO
Título DISEÑO Y PLANIFICACIÓN DE EDIFICIO ESCOLAR DE DOS NIVELES, PARA EL INSTITUTO NACIONAL DE EDUCACIÓN BÁSICA Y DIVERSIFICADA CHOVAL, MICRO-REGIÓN IX, COBÁN, A.V. Y DISEÑO Y PLANIFICACIÓN DE CAMINO RURAL DE LA COMUNIDAD DE CHOVAL O.W. Y CHOVAL H.W., MICRO-REGIÓN IX COBÁN, ALTA VERAPAZ./
Mención de responsabilidad, etc. Héctor Smailyn Ponce Leal.
Medio Impreso
264 ## - PRODUCCIÓN, PUBLICACIÓN, DISTRIBUCIÓN, FABRICACIÓN Y COPYRIGHT
Producción, publicación, distribución, fabricación y copyright Cobán, Alta Verapaz:
Nombre del de productor, editor, distribuidor, fabricante Universidad de San Carlos de Guatemala, Centro Universitario del Norte, Ingeniería Civil
Fecha de producción, publicación, distribución, fabricación o copyright 2020
300 ## - DESCRIPCIÓN FÍSICA
Extensión 241 p.:
Otras características físicas Ilustraciones, gráficas.
Dimensiones 28 cm;
300 ## - DESCRIPCIÓN FÍSICA
Dimensiones PDF
336 ## - TIPO DE CONTENIDO
Fuente rdacontenido
Término de tipo de contenido Texto
Código de tipo de contenido txt
337 ## - TIPO DE MEDIO
Fuente rdamedio
Nombre/término del tipo de medio Computadora
Código del tipo de medio n
338 ## - TIPO DE SOPORTE
Fuente rdasoporte
Nombre/término del tipo de soporte Código en línea
Código del tipo de soporte cr
502 ## - NOTA DE TESIS
identificador de la tesis TIC 0009
502 ## - NOTA DE TESIS
Nota de tesis Tesis de grado
Tipo de título Ingeniería Civil,
Nombre de la institución que otorga el título Universidad de San Carlos de Guatemala, Centro Universitario del Norte, Ingeniería Civil,
Año de obtención del título 2020
Identificador de la tesis TIC 0009
520 14 - RESUMEN, ETC.
Sumario, etc. El ejercicio profesional supervisado fue ejecutado dentro de la dependencia de la Dirección Técnica de Planificación Municipal, de la Municipalidad de Cobán, Alta Verapaz. El aporte mono disciplinario como parte de la carrera de Ingeniería Civil, se desarrolló en conjunto con las actividades del equipo multidisciplinario EPSUM (primera cohorte 2,019); en donde se ejecutaron las líneas de intervención multidisciplinaria dentro de las comunidades de la micro-región IX, Choval, del Municipio de Cobán, A.V.<br/><br/>Siendo Choval, la novena micro-región del municipio de Cobán, con una población aproximada de más de 15,800 personas, entre adultos, jóvenes, adolescentes y niños. Es aquí en donde se contribuyó con la elaboración de dos estudios técnicos de proyectos afines a las necesidades existentes, los cuales se denominaron: “Diseño y planificación de Edificio Escolar de 2 Niveles, para el Instituto Nacional de Educación Básica y Diversificada Choval, Micro-región IX, Cobán, A.V.” y el “Diseño y planificación de Camino Rural de la comunidad de Choval Central, hacia las comunidades de Choval, O.W. y H.W., Micro-región IX, Cobán, A.V.”. Ambos proyectos se desarrollaron con base a las normativas vigentes y obligatorias, tanto para el área estructural, como para el área de vías terrestres.<br/><br/>A la vez se desarrolló la evaluación ambiental inicial (EAI), de cada uno.<br/><br/>Sumado al desarrollo de los estudios técnicos, fue posible desarrollar más actividades bajo las áreas de intervención de salud y ambiente, en respuesta al Ejercicio Profesional Supervisado Multidisciplinario (EPSUM), en donde se formuló un plan estratégico de mediación para el desarrollo del proyecto denominado: Reducción de la vulnerabilidad nutricional, agua y saneamiento.
650 ## - PUNTO DE ACCESO ADICIONAL DE MATERIA--TÉRMINO DE MATERIA
Fuente del encabezamiento o término LEMB
Término de materia o nombre geográfico como elemento de entrada Cobán, Alta Verapaz.
Subdivisión general Ingeniería
-- Proyectos
-- Evaluación
-- Ambiental
-- Estructural
-- Saneamiento
700 ## - ENTRADA AGREGADA--NOMBRE PERSONAL
Nombre de persona Ing. Civil Marlon Alexander Moran Castro
Término indicativo de función/relación Asesor
856 ## - LOCALIZACIÓN Y ACCESO ELECTRÓNICOS
Identificador Uniforme de Recurso <a href="https://drive.google.com/file/d/19AnOZiju6wrTVIlnbT95m-TJvvROlLTP/view">https://drive.google.com/file/d/19AnOZiju6wrTVIlnbT95m-TJvvROlLTP/view</a>
Texto de enlace PDF
Nota pública Un ejemplar en línea.
942 ## - ELEMENTOS DE ENTRADA SECUNDARIOS (KOHA)
Fuente de la clasificación o esquema de estantería Clasificación Decimal Dewey
Tipo de ítem Koha TESIS
Parte de la signatura que identifica el ejemplar (Parte del ítem) TIC 0009
Prefijo de la signatura Clasificación
Suprimir en OPAC No
-- TIC_0009_000000000000000
Existencias
Estatus retirado Estado de pérdida Fuente de la clasificación o esquema de estantería Estado de daño No para préstamo Colección Biblioteca de origen Biblioteca actual Ubicación en estantería Fecha de adquisición Número de inventario Total de préstamos Signatura topográfica completa Código de barras Visto por última vez Precio de reemplazo Tipo de ítem Koha
    Clasificación Decimal Dewey     tesis BIBLIOTECA- CUNOR -JOSÉ LUIS GONZALES ROSALES BIBLIOTECA- CUNOR -JOSÉ LUIS GONZALES ROSALES Colección tesis 16/09/2025 TIC 0009   TIC 0009 TIC 0009 16/09/2025 16/09/2025 TESIS